000 00605nam a2200193 a 4500
001 000011841
005 20240530073912.0
008 091028s1995 dr 000 f spa d
040 _aDO-SdBNP
_bbpa
_cBNPHU
082 _aRD863.44
_bC399m, 1995
100 1 _aCepeda Suriel, Carlos,
_d1958-
_928010
245 1 0 _aMás allá del poder /
_cCarlos Cepeda Suriel.
260 _aSanto Domingo :
_bCorripio,
_c1995.
300 _a689 p. ;
_c23 cm.
590 _aInventariado, 2020/YL
650 0 _aNovela dominicana
_9223
650 0 _aLiteratura dominicana.
_967
910 _aValidado. Control de calidad MMOLINA
999 _c11515
_d11515